सामान्य गणित पेचीदे प्रश्न / (Record no. 11495)

MARC details
000 -LEADER
fixed length control field 01183 a2200229 4500
005 - DATE AND TIME OF LATEST TRANSACTION
control field 20080825124612.0
008 - FIXED-LENGTH DATA ELEMENTS--GENERAL INFORMATION
fixed length control field 080825t xxu||||| |||| 00| 0 hin d
010 ## - LIBRARY OF CONGRESS CONTROL NUMBER
LC control number HIN-83009
020 ## - INTERNATIONAL STANDARD BOOK NUMBER
Terms of availability 150.00
035 ## - SYSTEM CONTROL NUMBER
System control number HN-55355
037 ## - SOURCE OF ACQUISITION
Source of stock number/acquisition पु.प्र.अ.प्र/प्रका
082 ## - DEWEY DECIMAL CLASSIFICATION NUMBER
Classification number 510
100 ## - MAIN ENTRY--PERSONAL NAME
Personal name वीरेंद्र कुमार
245 ## - TITLE STATEMENT
Title सामान्य गणित पेचीदे प्रश्न /
Statement of responsibility, etc वीरेंद्र कुमार
246 ## - VARYING FORM OF TITLE
Title proper/short title Samanya Ganit,pecheede prashna
Remainder of title by Virendra Kumar
260 ## - PUBLICATION, DISTRIBUTION, ETC. (IMPRINT)
Place of publication, distribution, etc नई दिल्ली
Name of publisher, distributor, etc विद्या विहार
Date of publication, distribution, etc 2007
270 ## - ADDRESS
Address 1660 कूचा दखनीराय, दरियागंज
City नई दिल्ली
Postal code 110002
300 ## - PHYSICAL DESCRIPTION
Extent 135पृ
Dimensions 22सेमी (सजिल्द)
500 ## - GENERAL NOTE
General note समान ISBN 8188140783 शीर्षक 'गुरूदेव'
942 ## - ADDED ENTRY ELEMENTS (KOHA)
Institution code [OBSOLETE] dpl
Koha item type Hindi Books
Call number prefix 510 / वीरेंद्र
Source of classification or shelving scheme Dewey Decimal Classification
Classification part 510
Call number suffix वीरेंद्र
Holdings
Withdrawn status Lost status Damaged status Not for loan Home library Current library Date acquired Cost, normal purchase price Total Checkouts Full call number Barcode Date last seen Copy number Uniform Resource Identifier Cost, replacement price Price effective from Koha item type
        D.B.Act.Division D.B.Act.Division   150.00   510 वीरेंद्र HN-55355 15/09/2008 1 12607 150.00 15/09/2008 Hindi Books

© Delhi Public Library
Hit Counter
free hit counter